| 000 | 00666nam a2200229 4500 | ||
|---|---|---|---|
| 003 | OSt | ||
| 005 | 20260530113857.0 | ||
| 008 | 260520b2022 |||ao||| |||| 00| 0 eng d | ||
| 040 |
_aICI _bspa _cICI |
||
| 050 |
_aNK2715 _bK58 2022 |
||
| 245 | 1 | 0 |
_a2022 _bKichens |
| 264 | 1 |
_bIKEA US _c2022 |
|
| 300 | _a66 páginas | ||
| 336 |
_atexto _2rdacontent |
||
| 337 |
_asin medio _2rdamedia |
||
| 338 |
_avolumen _2rdacarrier |
||
| 650 |
_aCocinas _xDiseño y construcción _931896 |
||
| 650 |
_aMuebles de cocina _xDiseño _931897 |
||
| 650 |
_aDiseño interior _vPublicaciones ilustradas _931898 |
||
| 650 |
_aMobiliario doméstico _vCatálogos _931899 |
||
| 942 |
_2lcc _cBK _n1 |
||
| 999 |
_c11677 _d11677 |
||